| 000 | 00631nam a2200193 a 4500 | ||
|---|---|---|---|
| 001 | 000019731 | ||
| 005 | 20200929170123.0 | ||
| 008 | 100705s1978 xxua r 000 j eng d | ||
| 020 | _a0553114506 | ||
| 040 |
_aDO-SdBNP _bspa _cBNPHU |
||
| 082 |
_axxx _bM129g |
||
| 100 | 1 |
_aMaccoby, Michael, _d1933- _942195 |
|
| 245 | 1 | 4 |
_aThe gamesman / _cMichael Maccoby. |
| 260 |
_aNew York : _bBantam Books, _c1978. |
||
| 300 |
_axii, 302 p. : _bil. ; _c18 cm. |
||
| 504 | _aIncluye referencias bibliográficas y notas al pie de las páginas. | ||
| 590 | _aPerteneció a la biblioteca personal de Juan Isidro Jimenes Grullón | ||
| 049 | _aBNGR | ||
| 999 |
_c19245 _d19245 |
||